Graeco Roman Museum.
Corporate Author:
Format: Book
Language: English
Published:
[Cairo] :
Egyptian Antiquities Organization,
[1985?].
Subjects:
Tags: Add Tag
Call Number: DT59 .A8 G73 1985
| LEADER | 00799namaa2200253 4500 | ||
|---|---|---|---|
| 001 | 4832 | ||
| 003 | OSt | ||
| 005 | 20260510043917.0 | ||
| 008 | 130303q1985 ua a 000 0 eng d | ||
| 040 | |c ARCE Library | ||
| 041 | 1 | |a engarafre | |
| 043 | |a f-ua--- | ||
| 050 | 4 | |a DT59 .A8 G73 1985 | |
| 245 | 0 | 0 | |a Graeco Roman Museum. |
| 264 | 1 | |a [Cairo] : |b Egyptian Antiquities Organization, |c [1985?]. | |
| 300 | |a [64] pages : |b color illustrations ; |c 21 cm. | ||
| 500 | |a Cover title : Graeco Roman Museum : Alexandria 1895 A.D. | ||
| 546 | |a Text and captions in English, French and Arabic. | ||
| 610 | 2 | 0 | |a Mathaf al-Yunani al-Rumani (Alexandria, Egypt) |
| 651 | 0 | |a Egypt |x Antiquities. | |
| 710 | 2 | |a Mathaf al-Yunani al-Rumani (Alexandria, Egypt) | |
| 901 | |a reviewed | ||
| 942 | |c BK |2 lcc | ||
| 999 | |c 7653 |d 7653 | ||
